[Event "GER 1. Rucki-Zucki-Cup/V13 email"]
[Site "GER email"]
[Date "2010.12.16"]
[Round "?"]
[White "Altenburg, Nils"]
[Black "Tacke, Hubert"]
[Result "0-1"]
[WhiteElo "1689"]
[BlackElo "1804"]
[PlyCount "44"]
[EventDate "2010.12.22"]
[EventType "tourn (corr)"]
[EventRounds "6"]
[EventCountry "GER"]
[SourceTitle "Corr 2015"]
[Source "ChessBase"]
[SourceDate "2015.07.17"]
[SourceVersion "1"]
[SourceVersionDate "2015.07.17"]
[SourceQuality "1"]
[WhiteTeam "Germany"]
[BlackTeam "Latvia"]
[WhiteTeamCountry "GER"]
[BlackTeamCountry "LAT"]

1. e4 e6 2. d4 d5 3. Nc3 Nf6 4. Bg5 Be7 5. e5 Nfd7 6. Bxe7 Qxe7 7. f4 0-0 8. Nf3 c5 9. Qd2 Nc6 10. 0-0-0 a6 11. Kb1 c4 12. g4 b5 13. Qe3 Nb6 14. a3 Rb8 15. Bg2 a5 16. f5 b4 17. f6 gxf6 18. axb4 axb4 19. Ne2 c3 20. exf6 Qxf6 21. b3 Ra8 22. Ne5 Bb7 0-1

[Event "GER 1. Rucki-Zucki-Cup/V13 email"]
[Site "GER email"]
[Date "2010.12.16"]
[Round "?"]
[White "Fuchs, Joerg"]
[Black "Altenburg, Nils"]
[Result "1-0"]
[WhiteElo "2082"]
[BlackElo "1689"]
[PlyCount "49"]
[EventDate "2010.12.22"]
[EventType "tourn (corr)"]
[EventRounds "6"]
[EventCountry "GER"]
[SourceTitle "Corr 2015"]
[Source "ChessBase"]
[SourceDate "2015.07.17"]
[SourceVersion "1"]
[SourceVersionDate "2015.07.17"]
[SourceQuality "1"]
[WhiteTeam "Germany"]
[BlackTeam "Latvia"]
[WhiteTeamCountry "GER"]
[BlackTeamCountry "LAT"]

1. e4 c6 2. d4 d5 3. e5 Bf5 4. Nf3 e6 5. Be2 Nd7 6. 0-0 Ne7 7. Nh4 Bg6 8. Nd2 c5 9. c3 Nc6 10. Nxg6 hxg6 11. Nf3 Be7 12. Be3 a6 13. Qd2 0-0 14. Rfc1 Rc8 15. g3 Qb6 16. Kg2 Rfe8 17. h4 Rc7 18. Rh1 cxd4 19. cxd4 Nb4 20. h5 Rc2 21. hxg6 fxg6 22. Qd1 Rxb2 23. Bc1 Rc2 24. Bd3 Rxf2+ 25. Kxf2 1-0

[Event "Harburg-chH 8th"]
[Site "Hamburg"]
[Date "2010.08.20"]
[Round "1"]
[White "Altenburg, Nils"]
[Black "Lemke, Berfin"]
[Result "1-0"]
[WhiteElo "1518"]
[BlackElo "1436"]
[PlyCount "91"]
[EventDate "2010.08.20"]
[EventType "tourn"]
[EventRounds "5"]
[EventCountry "GER"]
[SourceTitle "EXT 2012"]
[Source "ChessBase"]
[SourceDate "2011.11.24"]
[SourceVersion "1"]
[SourceVersionDate "2011.11.24"]
[SourceQuality "1"]

1. e4 e5 2. Nf3 Nc6 3. d4 exd4 4. Nxd4 Nf6 5. Nxc6 bxc6 6. Bg5 Qe7 7. Nc3 Qe6 8. Bxf6 Qxf6 9. Bc4 Bb4 10. Qd3 Bxc3+ 11. Qxc3 Qxc3+ 12. bxc3 0-0 13. 0-0 Re8 14. f3 d6 15. Rab1 Re5 16. Rb3 d5 17. Bd3 c5 18. exd5 Rxd5 19. Be4 Be6 20. Rfb1 Rdd8 21. Bxa8 Bxb3 22. Rxb3 Rxa8 23. Rb7 g6 24. Rxc7 Rd8 25. Rxa7 Rd2 26. Ra5 Rxc2 27. Rxc5 Rxa2 28. h4 h5 29. Kh2 Kg7 30. c4 Rc2 31. Rc6 Kf8 32. Kh3 Ke7 33. Rc7+ Ke6 34. g4 Rc3 35. Kg3 Kf6 36. c5 Ke6 37. c6 Kd6 38. Rxf7 Rxc6 39. Rf6+ Kd5 40. Rxc6 Kxc6 41. gxh5 gxh5 42. Kf4 Kd6 43. Kf5 Kd7 44. Kf6 Kd8 45. f4 Ke8 46. Kg7 1-0

[Event "Hamburg CupT"]
[Site "Hamburg"]
[Date "2010.03.06"]
[Round "1.3"]
[White "Altenburg, Nils"]
[Black "Gehrke, Rolf"]
[Result "0-1"]
[WhiteElo "1478"]
[BlackElo "2082"]
[PlyCount "112"]
[EventDate "2010.03.06"]
[EventType "team-k.o."]
[EventRounds "4"]
[EventCountry "GER"]
[SourceTitle "EXT 2022"]
[Source "ChessBase"]
[SourceDate "2021.10.06"]
[SourceVersion "1"]
[SourceVersionDate "2021.10.06"]
[SourceQuality "1"]
[WhiteTeam "Hamburger SK III"]
[BlackTeam "Hamburg Concordia"]
[WhiteTeamCountry "GER"]
[BlackTeamCountry "GER"]

1. e4 c5 2. c3 d5 3. exd5 Qxd5 4. d4 cxd4 5. Qxd4 Qxd4 6. cxd4 Nc6 7. Bb5 Bd7 8. Nf3 e6 9. a3 Nf6 10. Nc3 a6 11. Ba4 b5 12. Bb3 Na5 13. Ba2 Bc6 14. d5 Nxd5 15. Nxd5 Bxd5 16. Bxd5 exd5 17. 0-0 Nb3 18. Rb1 f6 19. Re1+ Kd7 20. Be3 Bc5 21. Bxc5 Nxc5 22. Red1 Kd6 23. Rbc1 Rac8 24. Nd4 g6 25. Rc2 Rhe8 26. Rdc1 Kd7 27. f3 Nd3 28. Rxc8 Rxc8 29. Rxc8 Kxc8 30. b3 Kd7 31. Kf1 Nf4 32. Kf2 Ne6 33. Nc2 Kd6 34. b4 d4 35. Ke1 Kd5 36. Kd2 Kc4 37. h4 f5 38. g3 f4 39. g4 h6 40. Ne1 g5 41. h5 Nd8 42. Nd3 Nc6 43. Nc5 a5 44. Ne6 axb4 45. axb4 Ne5 46. Nxg5 hxg5 47. h6 Kxb4 48. h7 Nf7 49. Kd3 Kc5 50. Ke4 b4 51. Kf5 b3 52. Kf6 Nh8 53. Kg7 b2 54. Kxh8 b1Q 55. Kg7 d3 56. h8Q Qb2+ 0-1

[Event "GER KF-31 Class1 email"]
[Site "GER email"]
[Date "2007.11.07"]
[Round "?"]
[White "Altenburg, Nils"]
[Black "Gehrke, Karsten"]
[Result "1/2-1/2"]
[WhiteElo "1630"]
[BlackElo "1640"]
[PlyCount "43"]
[EventDate "2007.??.??"]
[EventType "tourn (corr)"]
[EventRounds "6"]
[EventCountry "GER"]
[SourceTitle "Corr 2008"]
[Source "ChessBase"]
[SourceDate "2008.06.24"]
[SourceVersion "1"]
[SourceVersionDate "2008.06.24"]
[SourceQuality "1"]

1. e4 c6 2. d4 d5 3. exd5 cxd5 4. Nf3 Nf6 5. Bd3 Bg4 6. c3 Nbd7 7. 0-0 e6 8. Bf4 Qb6 9. Nbd2 Qxb2 10. c4 Qa3 11. Qb1 Bb4 12. cxd5 Nxd5 13. Nc4 Qa4 14. Nfe5 Nxe5 15. Bxe5 0-0 16. Ne3 Nxe3 17. Bxh7+ Kh8 18. fxe3 f6 19. Rf4 Qd1+ 20. Qxd1 Bxd1 21. Rh4 Be1 22. Bg3 1/2-1/2

[Event "GER KF-31 Class1 email"]
[Site "GER email"]
[Date "2007.11.07"]
[Round "?"]
[White "Altenburg, Nils"]
[Black "Schmenger, Juergen"]
[Result "1/2-1/2"]
[WhiteElo "1630"]
[BlackElo "1966"]
[PlyCount "33"]
[EventDate "2007.??.??"]
[EventType "tourn (corr)"]
[EventRounds "6"]
[EventCountry "GER"]
[SourceTitle "Corr 2008"]
[Source "ChessBase"]
[SourceDate "2008.06.24"]
[SourceVersion "1"]
[SourceVersionDate "2008.06.24"]
[SourceQuality "1"]

1. e4 e5 2. Nf3 Nc6 3. Bc4 Bc5 4. d3 Nf6 5. Be3 Bb6 6. 0-0 d6 7. a4 0-0 8. Nbd2 Be6 9. c3 Bxe3 10. fxe3 Bxc4 11. Nxc4 d5 12. exd5 Qxd5 13. e4 Qc5+ 14. Kh1 Nxe4 15. Qc2 Nf6 16. b4 Qd5 17. b5 1/2-1/2